000 00674nam a2200205Ia 4500
001 3239
003 GE_BSU
008 181216s||||||||xx |||||||||||||| ||und||
040 _cGE_BSU
080 _a656.13
100 _aАлексеев,Б.А. Колпаков,М.И. Паршев,А.С. и др.
245 _aБезопасность движения автомобильного транспорта.
245 _cред. Э.В.Фролова.
260 _aМ.
260 _bДосааф.
260 _c1972.
300 _a142стр. 20см.
653 _aБезопасность движения автомобильного транспорта.
942 _cBK
999 _c37280
_d37280